[Event "27th 4NCL Congress Open 2022"]
[Site "Harrogate"]
[Date "2022.01.21"]
[Round "1.17"]
[White "Longson, Sarah N"]
[Black "Gordon, Sean"]
[Result "0-1"]
[WhiteElo "2036"]
[BlackElo "2039"]
[Annotator "ChessBase"]
[PlyCount "112"]
[EventDate "2022.01.21"]
[EventType "swiss"]
[EventCountry "ENG"]
[SourceTitle "playchess.com"]
[Source "ChessBase"]
[SourceQuality "1"]
[TimeControl "5400+30"]

1. e4 {[%emt 0:01:22]} c5 {[%emt 0:00:12]} 2. Nc3 {[%emt 0:00:17]} Nc6 {[%emt 0:00:11]} 3. g3 {[%emt 0:01:19]} g6 {[%emt 0:01:17]} 4. Bg2 {[%emt 0:00:12]} Bg7 {[%emt 0:00:30]} 5. d3 {[%emt 0:00:07]} e6 {[%emt 0:01:13]} 6. Be3 {[%emt 0:01:44]} b6 {[%emt 0:03:42]} 7. f4 {[%emt 0:01:37]} Nge7 {[%emt 0:01:17]} 8. Nge2 {[%emt 0:05:21]} Bb7 {[%emt 0:05:50]} 9. O-O {[%emt 0:08:16]} O-O {[%emt 0:06:21]} 10. d4 {[%emt 0:05:57]} d6 {[%emt 0:09:20]} 11. Qd2 {[%emt 0:04:55]} a6 {[%emt 0:04:17]} 12. Rad1 {[%emt 0:06:34]} Qc7 {[%emt 0:02:55]} 13. dxc5 {[%emt 0:10:01]} dxc5 {[%emt 0:00:57]} 14. Qd6 {[%emt 0:02:29]} Qxd6 {[%emt 0:09:32]} 15. Rxd6 {[%emt 0:00:05]} Rad8 {[%emt 0:02:36]} 16. Rxd8 {[%emt 0:02:49]} Rxd8 {[%emt 0:00:37]} 17. Na4 {[%emt 0:04:04]} Nd4 {[%emt 0:05:38]} 18. Nxd4 {[%emt 0:01:56]} Bxd4 {[%emt 0:00:25]} 19. Kf2 {[%emt 0:03:15]} Nc8 {[%emt 0:02:05]} 20. Re1 {[%emt 0:05:52]} Kf8 {[%emt 0:02:13]} 21. Nc3 {[%emt 0:03:02]} Bxc3 {[%emt 0:04:27]} 22. bxc3 {[%emt 0:00:11]} f5 {[%emt 0:00:54]} 23. exf5 {[%emt 0:05:08]} Bxg2 {[%emt 0:00:32]} 24. Kxg2 {[%emt 0:00:20]} exf5 {[%emt 0:00:39]} 25. Kf3 {[%emt 0:05:31]} Nd6 {[%emt 0:04:16]} 26. g4 {[%emt 0:04:38]} Ne4 {[%emt 0:04:16]} 27. a4 {[%emt 0:03:20]} a5 {[%emt 0:01:27]} 28. Rb1 {[%emt 0:00:44]} Rd6 {[%emt 0:01:08]} 29. h4 {[%emt 0:03:37]} h5 {[%emt 0:01:33]} 30. g5 {[%emt 0:02:18]} Kf7 {[%emt 0:01:46]} 31. Rb3 {[%emt 0:00:24]} Ke6 {[%emt 0:03:27]} 32. c4 {[%emt 0:01:55]} Kd7 {[%emt 0:00:23]} 33. Bc1 {[%emt 0:06:02]} Kc6 {[%emt 0:02:43]} 34. Rd3 {[%emt 0:00:58]} Rxd3+ {[%emt 0:00:39]} 35. cxd3 {[%emt 0:00:01]} Nc3 {[%emt 0:00:10]} 36. Bb2 {[%emt 0:00:14]} Nxa4 {[%emt 0:00:07]} 37. Bf6 {[%emt 0:00:13]} b5 {[%emt 0:00:28]} 38. cxb5+ {[%emt 0:00:14]} Kxb5 {[%emt 0:00:16]} 39. Ke3 {[%emt 0:00:55]} Nb6 {[%emt 0:00:41]} 40. Kd2 {[%emt 0:00:53]} Nd5 {[%emt 0:00:34]} 41. Be5 {[%emt 0:00:15]} Kb4 {[%emt 0:01:41]} 42. Bd6 {[%emt 0:00:18]} a4 {[%emt 0:01:00]} 43. d4 {[%emt 0:00:12]} Kb3 {[%emt 0:01:57]} 44. dxc5 {[%emt 0:00:18]} Nb4 {[%emt 0:01:16]} 45. Be5 {[%emt 0:01:32]} a3 {[%emt 0:02:06]} 46. Bc3 {[%emt 0:01:27]} a2 {[%emt 0:00:52]} 47. Be5 {[%emt 0:00:13]} Nc6 {[%emt 0:01:01]} 48. Bf6 {[%emt 0:00:27]} Kc4 {[%emt 0:00:15]} 49. Kc2 {[%emt 0:00:11]} Nd4+ {[%emt 0:00:33]} 50. Kb2 {[%emt 0:00:40]} Kxc5 {[%emt 0:00:20]} 51. Kxa2 {[%emt 0:00:05]} Nf3 {[%emt 0:00:17]} 52. Kb3 {[%emt 0:00:16]} Kd5 {[%emt 0:00:16]} 53. Kc3 {[%emt 0:00:44]} Ke4 {[%emt 0:00:05]} 54. Be5 {[%emt 0:01:10]} Nxh4 {[%emt 0:00:12]} 55. Bd6 {[%emt 0:00:32]} Ng2 {[%emt 0:00:15]} 56. Kd2 {[%emt 0:00:04]} Kf3 {[%emt 0:00:14]} 0-1

[Event "27th 4NCL Congress Open 2022"]
[Site "Harrogate"]
[Date "2022.01.21"]
[Round "1.18"]
[White "Waterfield, Mark"]
[Black "Ther, Mate"]
[Result "1-0"]
[WhiteElo "1724"]
[BlackElo "2031"]
[Annotator "ChessBase"]
[PlyCount "99"]
[EventDate "2022.01.21"]
[EventType "swiss"]
[EventCountry "ENG"]
[SourceTitle "playchess.com"]
[Source "ChessBase"]
[SourceQuality "1"]
[TimeControl "5400+30"]

1. e4 {[%emt 0:00:06]} e5 {[%emt 0:00:11]} 2. Nf3 {[%emt 0:00:07]} Nc6 {[%emt 0:00:08]} 3. d4 {[%emt 0:01:03]} exd4 {[%emt 0:00:09]} 4. Bc4 {[%emt 0:00:13]} Nf6 {[%emt 0:00:26]} 5. e5 {[%emt 0:00:45]} d5 {[%emt 0:00:06]} 6. Bb5 {[%emt 0:00:17]} Ne4 {[%emt 0:00:07]} 7. Nxd4 {[%emt 0:02:35]} Bc5 {[%emt 0:00:15]} 8. O-O {[%emt 0:01:43]} O-O {[%emt 0:18:52]} 9. Nxc6 {[%emt 0:22:01]} Qh4 {[%emt 0:28:03]} 10. Be3 {[%emt 0:08:50]} bxc6 {[%emt 0:00:24]} 11. Bxc6 {[%emt 0:00:27]} Rb8 {[%emt 0:06:34]} 12. Qxd5 {[%emt 0:04:09]} Bxe3 {[%emt 0:04:35]} 13. fxe3 {[%emt 0:00:14]} Bf5 {[%emt 0:02:23]} 14. b3 {[%emt 0:03:31]} Rbd8 {[%emt 0:04:50]} 15. Qa5 {[%emt 0:04:01]} Bg6 {[%emt 0:13:02]} 16. Nc3 {[%emt 0:04:10]} Nxc3 {[%emt 0:08:17]} 17. Qxc3 {[%emt 0:00:07]} Qe7 {[%emt 0:00:33]} 18. Rad1 {[%emt 0:02:15]} Qa3 {[%emt 0:00:42]} 19. Ra1 {[%emt 0:01:22]} h6 {[%emt 0:01:03]} 20. Rf4 {[%emt 0:01:16]} Qa6 {[%emt 0:01:29]} 21. a4 {[%emt 0:04:50]} Qe2 {[%emt 0:01:11]} 22. Rf2 {[%emt 0:00:46]} Rd1+ {[%emt 0:00:00]} 23. Rxd1 {[%emt 0:00:18]} Qxd1+ {[%emt 0:00:00]} 24. Rf1 {[%emt 0:00:15]} Qxc2 {[%emt 0:07:00]} 25. Qxc2 {[%emt 0:00:14]} Bxc2 {[%emt 0:00:07]} 26. Bd5 {[%emt 0:01:03]} c6 {[%emt 0:00:23]} 27. Bc4 {[%emt 0:00:50]} g6 {[%emt 0:02:17]} 28. Rf6 {[%emt 0:06:28]} Be4 {[%emt 0:00:08]} 29. e6 {[%emt 0:07:01]} fxe6 {[%emt 0:00:36]} 30. Rxe6 {[%emt 0:00:18]} Bd5 {[%emt 0:00:32]} 31. Bxd5 {[%emt 0:02:04]} cxd5 {[%emt 0:00:07]} 32. Rxg6+ {[%emt 0:00:08]} Kh7 {[%emt 0:00:08]} 33. Rd6 {[%emt 0:00:18]} Rb8 {[%emt 0:00:31]} 34. Rxd5 {[%emt 0:02:10]} Rxb3 {[%emt 0:00:07]} 35. Re5 {[%emt 0:00:34]} Ra3 {[%emt 0:00:18]} 36. a5 {[%emt 0:00:18]} Kg6 {[%emt 0:00:08]} 37. Kf2 {[%emt 0:00:09]} Kf6 {[%emt 0:00:18]} 38. Rh5 {[%emt 0:00:18]} Kg6 {[%emt 0:00:16]} 39. Rb5 {[%emt 0:00:16]} Ra1 {[%emt 0:00:22]} 40. h3 {[%emt 0:00:32]} Ra4 {[%emt 0:00:36]} 41. Kf3 {[%emt 0:00:35]} Ra3 {[%emt 0:00:18]} 42. Rc5 {[%emt 0:02:47]} Ra2 {[%emt 0:00:21]} 43. h4 {[%emt 0:00:26]} Ra4 {[%emt 0:00:16]} 44. g3 {[%emt 0:00:38]} Ra1 {[%emt 0:00:06]} 45. h5+ {[%emt 0:01:50]} Kf6 {[%emt 0:00:10]} 46. e4 {[%emt 0:01:43]} Ra2 {[%emt 0:00:19]} 47. Kg4 {[%emt 0:01:02]} Ra1 {[%emt 0:00:18]} 48. Rc6+ {[%emt 0:01:58]} Ke5 {[%emt 0:00:06]} 49. a6 {[%emt 0:00:06]} Kxe4 {[%emt 0:00:29]} 50. Rxh6 {[%emt 0:00:09]} 1-0

[Event "27th 4NCL Congress Open 2022"]
[Site "Harrogate"]
[Date "2022.01.21"]
[Round "1.19"]
[White "Stubbs, Oliver"]
[Black "May, Paul"]
[Result "1-0"]
[WhiteElo "1920"]
[BlackElo "1735"]
[Annotator "ChessBase"]
[PlyCount "69"]
[EventDate "2022.01.21"]
[EventType "swiss"]
[EventCountry "ENG"]
[SourceTitle "playchess.com"]
[Source "ChessBase"]
[SourceQuality "1"]
[TimeControl "5400+30"]

1. d4 {[%emt 0:00:04]} g6 {[%emt 0:00:07]} 2. e4 {[%emt 0:00:06]} Bg7 {[%emt 0:00:05]} 3. Nc3 {[%emt 0:00:08]} a6 {[%emt 0:00:14]} 4. Be3 {[%emt 0:01:36]} b5 {[%emt 0:02:43]} 5. a4 {[%emt 0:04:37]} b4 {[%emt 0:04:42]} 6. Nd5 {[%emt 0:03:06]} a5 {[%emt 0:11:04]} 7. f3 {[%emt 0:01:52]} d6 {[%emt 0:04:45]} 8. Qd2 {[%emt 0:03:19]} h6 {[%emt 0:05:29]} 9. h4 {[%emt 0:08:16]} e5 {[%emt 0:10:10]} 10. dxe5 {[%emt 0:04:11]} dxe5 {[%emt 0:00:57]} 11. O-O-O {[%emt 0:07:22]} Ba6 {[%emt 0:05:16]} 12. Bxa6 {[%emt 0:02:55]} Nxa6 {[%emt 0:05:15]} 13. Ne2 {[%emt 0:02:03]} Nf6 {[%emt 0:09:19]} 14. Ng3 {[%emt 0:12:31]} Nxd5 {[%emt 0:05:15]} 15. Qxd5 {[%emt 0:00:56]} Qxd5 {[%emt 0:01:13]} 16. Rxd5 {[%emt 0:00:07]} O-O {[%emt 0:10:56]} 17. h5 {[%emt 0:00:44]} Kh7 {[%emt 0:01:54]} 18. hxg6+ {[%emt 0:00:10]} fxg6 {[%emt 0:00:33]} 19. Bxh6 {[%emt 0:02:57]} Bxh6+ {[%emt 0:00:42]} 20. Kb1 {[%emt 0:00:21]} Nb8 {[%emt 0:04:27]} 21. Rxe5 {[%emt 0:00:27]} Nc6 {[%emt 0:00:19]} 22. Re6 {[%emt 0:00:39]} Ra6 {[%emt 0:00:41]} 23. Nf5 {[%emt 0:00:50]} gxf5 {[%emt 0:03:05]} 24. Rhxh6+ {[%emt 0:00:13]} Kg7 {[%emt 0:00:24]} 25. Rxc6 {[%emt 0:00:28]} Rxc6 {[%emt 0:04:06]} 26. Rxc6 {[%emt 0:00:09]} fxe4 {[%emt 0:00:32]} 27. Rxc7+ {[%emt 0:00:06]} Kg6 {[%emt 0:00:28]} 28. fxe4 {[%emt 0:00:08]} Re8 {[%emt 0:00:47]} 29. Rc6+ {[%emt 0:00:32]} Kf7 {[%emt 0:00:15]} 30. Rc4 {[%emt 0:01:02]} Rg8 {[%emt 0:00:12]} 31. Rc5 {[%emt 0:00:15]} Rxg2 {[%emt 0:00:22]} 32. Rxa5 {[%emt 0:00:04]} Rg1+ {[%emt 0:00:37]} 33. Ka2 {[%emt 0:00:05]} Re1 {[%emt 0:00:34]} 34. e5 {[%emt 0:00:04]} Ke6 {[%emt 0:00:30]} 35. Rc5 {[%emt 0:00:23]} 1-0

[Event "27th 4NCL Congress Open 2022"]
[Site "Harrogate"]
[Date "2022.01.21"]
[Round "1.20"]
[White "Bayford, Jim R"]
[Black "Gomez Torres, Richard Daniel"]
[Result "0-1"]
[WhiteElo "2023"]
[BlackElo "2209"]
[Annotator "RC"]
[PlyCount "64"]
[EventDate "2022.01.21"]
[EventType "swiss"]
[EventCountry "ENG"]
[SourceTitle "playchess.com"]
[Source "ChessBase"]
[SourceQuality "1"]
[TimeControl "5400+30"]

1. e4 {[%emt 0:00:07]} e5 {[%emt 0:00:08]} 2. Nf3 {[%emt 0:00:34]} Nc6 {[%emt 0:00:07]} 3. Bc4 {[%emt 0:00:40]} Nf6 {[%emt 0:00:08]} 4. O-O {[%emt 0:00:28]} Nxe4 {[%emt 0:01:19]} 5. d4 {[%emt 0:00:47]} exd4 {[%emt 0:01:17]} 6. Nxd4 {[%emt 0:00:22]} d5 {[%emt 0:05:13]} 7. Bb3 {[%emt 0:01:35]} Be7 {[%emt 0:07:23]} 8. Bf4 {[%emt 0:01:55]} a6 {[%emt 0:05:48]} 9. Nf3 {[%emt 0:00:50]} Be6 {[%emt 0:03:07]} 10. h3 {[%emt 0:04:21]} O-O {[%emt 0:02:33]} 11. Nbd2 {[%emt 0:03:12]} Nc5 {[%emt 0:06:16]} 12. Ne5 {[%emt 0:06:57]} Nxe5 {[%emt 0:07:42]} 13. Bxe5 {[%emt 0:00:16]} Nxb3 {[%emt 0:00:06]} 14. axb3 {[%emt 0:00:56]} c5 {[%emt 0:00:12]} 15. Qf3 {[%emt 0:02:22]} Qd7 {[%emt 0:09:17]} 16. Rad1 {[%emt 0:02:36]} Rac8 {[%emt 0:01:05]} 17. Nc4 {[%emt 0:00:19]} Qc6 {[%emt 0:00:38]} 18. Ne3 {[%emt 0:02:34]} f6 {[%emt 0:02:11]} 19. Bg3 {[%emt 0:03:32]} Rfd8 {[%emt 0:00:34]} 20. Nf5 {[%emt 0:01:18]} Bf8 {[%emt 0:00:21]} 21. Ne3 {[%emt 0:04:33]} b5 {[%emt 0:03:00]} 22. Bh4 {[%emt 0:04:08]} d4 {[%emt 0:01:04]} 23. Ng4 {[%emt 0:01:55]} Qxf3 {[%emt 0:00:24]} 24. gxf3 {[%emt 0:00:30]} h5 {[%emt 0:00:30]} 25. Nxf6+ {[%emt 0:00:30]} gxf6 {[%emt 0:00:30]} 26. Bxf6 {[%emt 0:00:30]} Rd5 {[%emt 0:00:30]} 27. Kh1 {[%emt 0:00:30]} Rf5 {[%emt 0:00:30]} 28. Bh4 {[%emt 0:00:30]} Rxf3 {[%emt 0:00:30]} 29. Bg3 {[%emt 0:00:30]} h4 {[%emt 0:00:30]} 30. Bxh4 {[%emt 0:00:30]} Rxh3+ {[%emt 0:00:30]} 31. Kg2 {[%emt 0:00:30]} Rf3 {[%emt 0:03:44]} 32. Kh1 {[%emt 0:00:14]} Rh3+ {[%emt 0:00:08]} 0-1

[Event "27th 4NCL Congress Open 2022"]
[Site "Harrogate"]
[Date "2022.01.22"]
[Round "2.1"]
[White "Townsend, M Paul"]
[Black "Clarke, Brandon G I"]
[Result "1/2-1/2"]
[WhiteElo "2159"]
[BlackElo "2430"]
[Annotator "TA"]
[PlyCount "60"]
[EventDate "2022.01.21"]
[EventType "swiss"]
[EventCountry "ENG"]
[SourceTitle "playchess.com"]
[Source "ChessBase"]
[SourceQuality "1"]

{[%evp 9,60,22,22,9,22,22,23,19,20,11,27,30,30,17,23,23,21,0,0,-3,19,19,78,77,93,66,133,79,79,80,185,127,129,106,125,87,103,103,103,103,103,101,126,75,75,75,75,75,75,75,75,75,108]} 1. d4 Nf6 2. c4 g6 3. Nf3 Bg7 4. e3 O-O 5. Be2 b6 6. O-O {E60: King's Indian: Unusual lines and Fianchetto Variation without Nc3.} Bb7 7. Nc3 e6 $1 {[%mdl 4] is now more promising than 7...d5.} 8. b4 {[%cal Bb2b4,Bb4b5][%mdl 32] White has an edge.} d6 9. a4 a5 10. b5 Re8 11. Bb2 Nbd7 12. Qc2 e5 {[#]} 13. Rfd1 $146 ({Predecessor:} 13. Rad1 exd4 14. exd4 Ne4 15. Rfe1 Nxc3 16. Bxc3 Nf6 17. d5 Nd7 18. Nd4 Nc5 19. Bf3 {1-0 (63) Caruana,F (2791)-Vachier Lagrave,M (2766) Chess.com INT 2021}) 13... exd4 14. exd4 Nh5 15. g3 {Inhibits Nf4.} f5 (15... Nhf6 $11 {keeps the balance.}) 16. Re1 $16 Re7 17. Rad1 {[%cal Oc4c5]} (17. c5 {feels hotter.} dxc5 18. Bc4+ Kh8 19. Bd5 Bxd5 20. Nxd5 Re4 21. dxc5 Nxc5 22. Bxg7+ Nxg7 23. Red1) 17... Qf8 (17... Qe8 $14 18. Nd5 Bxd5 19. cxd5 Nhf6) 18. Nd5 (18. c5 $142 $1 {[%cal Rc5c6]} dxc5 19. Bc4+ Kh8 20. Rxe7 (20. Bd5 Rxe1+ 21. Rxe1 Bxd5 $14) 20... Qxe7 21. Bd5 Bxd5 22. Nxd5) 18... Bxd5 19. cxd5 Bf6 {To avoid Ng5} (19... Nhf6 $16 {is a better defense.}) 20. Bf1 ({White should play} 20. Qxc7 $18 {And now Ba3 would win.} Qe8 21. Kf1) 20... Qd8 {White is better.} 21. Bc1 Nf8 22. h4 Qd7 23. Rxe7 Bxe7 24. Re1 Re8 25. Qc6 Ng7 26. Bg5 {White is much more active. Black has bad knights.} (26. Bh6 $142) 26... Bxg5 {[#]} 27. Qxd7 $1 Nxd7 28. hxg5 Rxe1 29. Nxe1 h6 {[#]} 30. f4 ({Reject} 30. gxh6 Nh5 $11) 30... hxg5 {Weighted Error Value: White=0.13 (very precise) /Black=0.16 (very precise)} 1/2-1/2

[Event "27th 4NCL Congress Open 2022"]
[Site "Harrogate"]
[Date "2022.01.22"]
[Round "2.2"]
[White "Sarakauskas, Gediminas"]
[Black "Onslow, Alfie"]
[Result "1-0"]
[WhiteElo "2421"]
[BlackElo "2038"]
[Annotator "TA"]
[PlyCount "49"]
[EventDate "2022.01.21"]
[EventType "swiss"]
[EventCountry "ENG"]
[SourceTitle "playchess.com"]
[Source "ChessBase"]
[SourceQuality "1"]

{[%evp 9,49,0,-8,-66,39,26,34,33,47,26,37,27,31,22,43,44,130,87,146,93,116,112,103,96,131,125,161,170,169,153,192,195,247,252,564,553,719,722,716,714,1340,1275]} 1. Nf3 Nf6 2. g3 c5 3. Bg2 Nc6 4. d4 cxd4 5. Nxd4 e5 6. Nb5 {A04: Unusual lines after 1 Nf3 and King's Indian Attack.} (6. Nb3 $11) 6... d6 (6... d5 $15 7. O-O Be6) 7. Bg5 Be6 8. O-O {[#] White is slightly better.} Be7 $146 ({Predecessor:} 8... Qd7 9. N1c3 a6 10. Bxf6 axb5 11. Bg5 Be7 12. Be3 O-O 13. Nd5 Bd8 14. Qd3 Bf5 {1-0 (39) Gazik,V (2414)-Czebe,A (2458) Bojnice 2016}) 9. N1c3 (9. Bxf6 $5 gxf6 10. N5c3 $11) 9... a6 10. Bxf6 gxf6 11. Na3 Rc8 12. Nd5 Na5 (12... f5 $14) 13. b3 (13. e4 $142) 13... b5 (13... f5 $142) 14. Nb1 (14. c4 $142) 14... Nc6 {[#]} 15. a4 $1 b4 16. Nd2 {[%cal Bb1d2,Bd2c4,Bc4e3][%mdl 32]} f5 17. Nc4 {White is more active.} Na5 18. Nce3 {Pair of Knights!} (18. Nxb4 Nxc4 19. bxc4 Rxc4 $11) 18... Nc6 19. Qd3 {[%csl LRa6,LRf5]} e4 20. Qxa6 {Hoping for Bh3.} Nd4 (20... Bg5 $142 21. Rad1 O-O) 21. Rfd1 ({Avoid the trap} 21. Nxb4 $2 Ra8 22. Qb7 Rb8 $19) 21... Rc6 $2 (21... Nxc2 {is tougher.} 22. Nxc2 Rxc2 23. Qb5+ (23. Nxb4 Rc5 $18) 23... Qd7 24. Qb8+ (24. Qxb4 Rc5 $18) 24... Qd8 25. Qb5+ Qd7 26. Qxb4 Rc5) 22. Qb7 $18 {White is clearly winning.} Bf6 {[#]} 23. Rxd4 $1 {[%mdl 512]} Bxd4 (23... Bxd5 24. Nxd5) 24. Qxc6+ Bd7 25. Qxd6 {White took control after the opening.  Weighted Error Value: White=0.14 (very precise) /Black=0.52} 1-0

[Event "27th 4NCL Congress Open 2022"]
[Site "Harrogate"]
[Date "2022.01.22"]
[Round "2.3"]
[White "Burnett, Andrew"]
[Black "Arkell, Keith C"]
[Result "0-1"]
[WhiteElo "2183"]
[BlackElo "2370"]
[Annotator "TA"]
[PlyCount "122"]
[EventDate "2022.01.21"]
[EventType "swiss"]
[EventCountry "ENG"]
[SourceTitle "playchess.com"]
[Source "ChessBase"]
[SourceQuality "1"]

{[%evp 15,122,43,45,0,3,0,0,-2,14,0,0,0,0,0,0,0,0,-18,-12,-29,0,0,0,0,0,0,0,0,0,0,8,0,34,30,42,-155,-18,-10,-15,-15,-15,-15,-15,-15,-10,-43,-39,-40,-38,-43,-15,-14,-14,-16,-12,-18,0,0,0,0,0,0,0,0,0,0,0,0,0,0,0,0,0,-11,-13,-209,-116,-1788,-1786,-1481,-1498,-1194,-1052,-12840,-12840,-12841,-12841,-12841,-12842,-12842,-12841,-12841,-12841,-12841,-12842,-12841,-12842,-12843,-12843,-12844,-12844,-12845,-12845,-12845,-12846,-12846,-12847,-12847,-12846]} 1. d4 Nf6 2. c4 e6 3. Nc3 Bb4 4. Nf3 c5 5. g3 Bxc3+ 6. bxc3 d6 7. Bg2 O-O 8. O-O Nc6 9. Bg5 {E20: Nimzo-Indian: 4 g3 and 4 f3.} (9. dxc5 $14 dxc5 10. Bf4) 9... h6 $11 10. Bxf6 Qxf6 {[#]} 11. Nd2 $146 {The position is equal.} ({Predecessor:} 11. e3 Rd8 12. Nd2 d5 13. cxd5 exd5 14. Nb3 c4 15. Nd2 Bf5 16. Re1 Bd3 17. e4 dxe4 18. Nxe4 {1-0 (44) Flom,G (2474)-Rohrer,C (2230) Europe Echecs INT 2021}) 11... Qe7 12. Bxc6 bxc6 13. dxc5 d5 14. Qa4 Qxc5 15. Nb3 Qd6 {[%cal Oa7a5]} 16. c5 Qc7 17. Qa5 Qe7 18. c4 Bd7 19. Rac1 Rfc8 20. Rfd1 Rab8 21. Qxa7 Ra8 22. Qb7 Qd8 23. Qb6 Qf6 24. Rd2 Ra4 25. e4 $2 (25. h4 $14 {keeps the upper hand.}) 25... Rca8 (25... e5 $1 $17 26. Rdc2 (26. exd5 $2 Qf3 $19) 26... d4) 26. Qc7 $1 ({Reject} 26. cxd5 exd5 27. Qb7 (27. exd5 $2 Qf3 $19) 27... Bc8 $17) 26... R4a7 $36 {[%mdl 2048] Black is pushing.} 27. Qd6 {[%cal Rc4d5]} dxe4 28. Re1 $1 Be8 {White should prevent ...Rd7.} 29. Rxe4 Rd7 30. Qf4 Qxf4 31. Rxf4 Rxd2 32. Nxd2 Rxa2 $15 {[%mdl 4096] Endgame KRB-KRN} 33. Rd4 Kf8 34. Ne4 Ke7 35. Nd6 Ra8 36. Nxe8 Kxe8 $11 {KR-KR} 37. Rd6 Ra6 38. h4 g5 39. hxg5 hxg5 40. f3 Ke7 41. g4 Kf6 42. Kf2 Ke5 43. Kg3 f6 44. Rd1 f5 45. gxf5 $2 {White is on the road to losing.} (45. Rd6 $1 $11 {and White is okay.}) 45... exf5 $19 {White must now prevent ...Ra5.} 46. Rd6 $2 {[%mdl 8192]} (46. Rd8 $17) 46... Ra3 $1 {Hoping for ...g4. Black is clearly winning.} 47. Kf2 {[#]} Rc3 $1 ({Worse is} 47... Kf4 48. Rd4+ Ke5 49. Rd8 $17) 48. Rxc6 Kf4 {aiming for ...Rc2+.} 49. Rd6 Rc2+ 50. Ke1 Kxf3 51. c6 Rxc4 52. Kd2 Ke4 53. Re6+ Kd5 54. Rf6 Ke5 55. Rg6 g4 {[%cal Bg5g4,Bg4g3][%mdl 32]} 56. Kd3 Rc5 57. Rh6 g3 58. Rg6 {[#]} Kf4 $1 (58... f4 59. Rg5+ Kd6 60. Rxc5 g2 61. Rc1 Kc7 62. Ke4 f3 63. Kxf3) 59. Ke2 Re5+ 60. Kd3 Kf3 61. Kd4 Re8 {Weighted Error Value: White=0.40/Black=0.06 (flawless)} 0-1

[Event "27th 4NCL Congress Open 2022"]
[Site "Harrogate"]
[Date "2022.01.22"]
[Round "2.4"]
[White "Willow, Jonah B"]
[Black "Jarmany, John"]
[Result "1/2-1/2"]
[WhiteElo "2381"]
[BlackElo "2126"]
[Annotator "TA"]
[PlyCount "75"]
[EventDate "2022.01.21"]
[EventType "swiss"]
[EventCountry "ENG"]
[SourceTitle "playchess.com"]
[Source "ChessBase"]
[SourceQuality "1"]

{[%evp 20,75,0,0,0,0,0,0,0,0,0,0,0,0,0,0,343,0,0,0,0,-2,-2,-5,0,-22,-26,-49,-49,-54,-54,-56,-57,-57,-53,-53,0,0,0,-68,-68,-69,-69,-73,-73,-73,-18,-18,0,0,0,0,0,0,0,-14,0,0]} 1. e4 e6 2. d4 d5 3. Nd2 Nf6 4. e5 Nfd7 5. c3 c5 6. f4 Nc6 7. Ndf3 Qb6 8. g3 cxd4 9. cxd4 f6 10. Ne2 Bb4+ 11. Nc3 $1 fxe5 {C11: French: Classical System: 4 e5 and 4 Bg5 dxe4.} 12. fxe5 O-O {[%cal Of8f3]} 13. Bf4 Ndxe5 $1 14. Bxe5 {[#] Strongly threatening Bh3.} Nxe5 15. Nxe5 Bxc3+ 16. bxc3 Qb2 {[%csl Gf8][%cal Rb2f2] To avoid Qc2} 17. Qc1 Qf2+ 18. Kd1 {Threatens to win with Bd3.} Qxf1+ 19. Rxf1 Rxf1+ 20. Kd2 Rxc1 21. Rxc1 $11 {[%mdl 4096] Endgame KRB-KRN} b6 22. Rf1 Rb8 $1 23. Rf7 Rb7 24. Rxb7 Bxb7 $15 {KB-KN} 25. h4 Kf8 {[#]} 26. Ke3 $146 ({Predecessor:} 26. g4 Ke7 27. a3 Kd6 28. g5 Bc6 29. Kc2 Ba4+ 30. Kb2 Bd1 31. Kc1 Bh5 32. Kb2 Bd1 33. Kc1 Bh5 34. Kb2 Bd1 {½-½ (34) Robson,R (2539)-Meier,G (2659) Lubbock 2010}) 26... Ke7 27. Kf4 Kd6 (27... Ba6 $15) 28. Nf7+ $11 Ke7 29. Ng5 ({White should try} 29. Ne5 $11) 29... h6 $15 30. Nf3 Ba6 31. Ke5 Bc4 32. a3 {[#]} Be2 (32... Bd3 $1 $17) 33. Ne1 $1 $11 {The position is equal.} a5 34. Ng2 Kd7 35. Ne3 Ke7 36. Ng2 Kd7 37. Ne3 Ke7 38. Ng2 {Weighted Error Value: White=0.07 (flawless) /Black=0.07 (flawless)} 1/2-1/2

[Event "27th 4NCL Congress Open 2022"]
[Site "Harrogate"]
[Date "2022.01.22"]
[Round "2.5"]
[White "Gomez Torres, Richard Daniel"]
[Black "Wells, Peter K"]
[Result "0-1"]
[WhiteElo "2209"]
[BlackElo "2382"]
[Annotator "TA"]
[PlyCount "44"]
[EventDate "2022.01.21"]
[EventType "swiss"]
[EventCountry "ENG"]
[SourceTitle "playchess.com"]
[Source "ChessBase"]
[SourceQuality "1"]

{[%evp 9,44,0,-7,-2,8,-8,0,3,35,0,-5,0,0,-21,-24,-27,-22,-43,-25,-62,-47,-54,-67,-51,-49,-59,-61,-103,-78,-98,-75,-86,-85,-167,-150,-533,-537]} 1. e4 c6 2. Nc3 d5 3. Nf3 Bg4 4. h3 Bxf3 5. gxf3 e6 6. d4 {B11: Caro-Kann: Two Knights Variation.} Nf6 7. Be3 {7.Be3 was played by the boomers.} Bb4 8. Qd3 {The position is equal.} Qa5 {[#]} 9. Bg2 $146 ({Predecessor:} 9. Bd2 O-O 10. Rg1 Rc8 11. a3 Nbd7 12. Rb1 Bxc3 13. Bxc3 Qc7 14. e5 Nh5 15. Qe3 {0-1 (30) Arakelian,A (1911)-Laux,D (2061) Willingen 2019}) 9... c5 10. dxc5 Nc6 {[%cal Od5d4]} 11. O-O ({But not} 11. exd5 Nxd5 12. O-O Nxe3 13. Qxe3 Bxc5 $15) 11... dxe4 12. Nxe4 Nxe4 13. fxe4 {[#] Hoping for a3.} Bxc5 14. c3 {Black must now prevent b4.} Rd8 15. Qe2 {And now b4 would win.} Bxe3 16. Qxe3 O-O {[%cal Bh8f8,Bf8d8,Bd8d3][%mdl 32]} 17. f4 {Inhibits Ne5.} Rd7 18. Bf3 (18. Rf2 $15 {should be considered.}) 18... Rfd8 $17 {aiming for ...Rd3.} 19. Rfd1 {Prevents Rd3.} Rxd1+ 20. Bxd1 Qb5 {Black is more active.} 21. Bb3 (21. Qf2 $17) 21... Rd3 $19 22. c4 $2 {[#]} (22. a4 $17 {nothing else works.} Qa6 23. Qf2) 22... Qxb3 $1 {[%mdl 512] Weighted Error Value: White=0.57/Black=0.02 (flawless)} 0-1